Προγράμματα Basic απο τα μαθηματικά και αλλες επιστημονικές περιοχές
Αποθηκεύτηκε σε:
| Κύριος συγγραφέας: | |
|---|---|
| Άλλοι συγγραφείς: | |
| Μορφή: | Βιβλίο |
| Γλώσσα: | Greek English |
| Δημοσίευση: |
Αθήνα :
Γκιούρδας,
1987.
|
| Θέματα: | |
| Ετικέτες: |
Προσθήκη ετικέτας
Δεν υπάρχουν, Καταχωρήστε ετικέτα πρώτοι!
|
MARC
| LEADER | 00000cam a2200000 i 4500 | ||
|---|---|---|---|
| 001 | 1/37609 | ||
| 008 | 941201s1987 gr | ||| |||| ||gre|| | ||
| 035 | |a 1994 |c ΠΑΝΑΓΙΩΤΟΠΟΥΛΟΣ |l 10040555 | ||
| 040 | |a GR-MyUA |b gre |e AACR2 | ||
| 041 | 1 | |a gre |h eng | |
| 082 | 0 | |a 510.286 | |
| 100 | 1 | |a Floegel, Ekkehard. | |
| 245 | 1 | 0 | |a Προγράμματα Basic απο τα μαθηματικά και αλλες επιστημονικές περιοχές / |c E. Floegel ; απόδοση στα ελληνικά Χάρης Γαντές. |
| 260 | |a Αθήνα : |b Γκιούρδας, |c 1987. | ||
| 300 | |a 142 σ. ; |c 22 εκ. + |e 1 δισκέτα 5 1/4 ίν. | ||
| 500 | |a Για τους Apple IIe + IIc, Commodore, IBM-PC, Atari, Macintosh, Sinclair και άλλους μικρουπολογιστές. | ||
| 500 | |a Τίτλος πρωτοτύπου: Mathematische + Wissenschaftliche Programme in Basic. | ||
| 504 | |a Περιλαμβάνει βιβλιογραφικές αναφορές. | ||
| 650 | 0 | 0 | |a Mathematics |x Computer programs. |
| 650 | 0 | 0 | |a BASIC (Computer program language) |
| 700 | 1 | |a Γαντές, Χάρης, |e trl | |
| 852 | |a INST |b SAMOS |e 19941201 |h 510.286 FLO |p 005300008315 |q 005300008315 |t BK |y 0 | ||
| 852 | |a INST |b SAMOS |e 19981123 |h 510.286 FLO |p 005300013770 |q 005300013770 |t BK |y 0 | ||
| 909 | |a Σ |b 030045 | ||
| 909 | |a Σ |b 049996 | ||